000 00210nam a2200097Ia 4500
008 240331s9999 xx 000 0 und d
082 _bTOW
100 _aBhasin, K. ed
245 0 _aTowards empowerment
942 _cL
999 _c2714
_d2714